000 00341nam a2200133Ia 4500
005 20251222153613.0
008 251222s9999||||xx |||||||||||||| ||spa||
082 _a352.283.098/Z38
100 _aZas Friz Burga, Johnny
245 0 _aLa Descentralización Ficticia
250 _a1ra.ed.
264 _bUniversidad del Pacífico
942 _cLIB
999 _c31679
_d31679